How to manage conflict : Turn all conflicts into win-win outcomes
Gorde:
| Egile nagusia: | |
|---|---|
| Formatua: | Liburua |
| Hizkuntza: | Undetermined |
| Argitaratua: |
Franklin Lakes, NJ
The Career Press
2000
|
| Gaiak: | |
| Etiketak: |
Etiketa erantsi
Etiketarik gabe, Izan zaitez lehena erregistro honi etiketa jartzen!
|
| Thư viện lưu trữ: | Trung tâm Học liệu Trường Đại học Cần Thơ |
|---|
| LEADER | 00558nam a2200205Ia 4500 | ||
|---|---|---|---|
| 001 | CTU_127992 | ||
| 008 | 210402s9999 xx 000 0 und d | ||
| 020 | |c 176800 | ||
| 082 | |a 303.69 | ||
| 082 | |b P596 | ||
| 100 | |a Pickering, Peg | ||
| 245 | 0 | |a How to manage conflict : | |
| 245 | 0 | |b Turn all conflicts into win-win outcomes | |
| 245 | 0 | |c Peg Pickering | |
| 260 | |a Franklin Lakes, NJ | ||
| 260 | |b The Career Press | ||
| 260 | |c 2000 | ||
| 650 | |a Conflict management. | ||
| 904 | |i Minh | ||
| 980 | |a Trung tâm Học liệu Trường Đại học Cần Thơ | ||